000 00516nmm a2200169Ia 4500
008 251105s9999||||xx |||||||||||||||||und||
020 _a9788437094441
041 _acat
100 _aMollà Orts, Antoni Josep
245 0 _aLa desconnexió valenciana
264 _a[Madrid, España] :
_bPublicaciones de la Universidad de Valencia (PUV),
_c2014
300 _a220 páginas
490 _aAssaig
650 _aPolitical Science (General)
856 _uhttps://public.digitaliapublishing.com/a/34626
942 _cCF
999 _c82653
_d82653